000 00538nam a2200169 i 4500
001 70493
003 ES-MaACL
005 20230906170831.0
007 t|
008 040727s1940 sp ||||1| spa d
100 1 _aGarcia Valdés, Rafael.
_9186627
245 1 0 _aDerecho Procesal Criminal /
_cpor Rafael García Valdés y un redactor de la Revista de Legislación y Jurisprudencia.
260 _aMadrid :
_bInstituto Editorial Reus,
_c1940.
300 _a519 p. ;
_c23 cm.
852 _aES-MaACL
_jA-5290
_bR.18572
999 _c70493
_d70493